Economics and Language

שמור ב:
מידע ביבליוגרפי
Main Authors: Henderson, Willie (Author), Dudley-Evans, Tony (Author), Backhouse, Roger (Author)
פורמט: ספר
שפה:אנגלית
יצא לאור: Londres Routledge 1993
מהדורה:1a. ed
נושאים:
תגים: הוספת תג
אין תגיות, היה/י הראשונ/ה לתייג את הרשומה!

MARC

LEADER 00000cam a2200000 a 4500
001 UCF8416
003 CL-VaPUC
008 130829e19930000uk |||||||||||||||||eng|d
020 |a 0415092094 
082 0 4 |a 330.014  |b HEN  |2 21 
100 0 |a Henderson, Willie  |e author  |9 570483 
700 0 |a Dudley-Evans, Tony  |e author  |9 570484 
700 0 |a Backhouse, Roger  |e author  |9 570485 
245 1 0 |a Economics and Language 
250 |a 1a. ed 
300 |a 251 p 
942 |c BK 
945 |d 20130829 16:45:00  |a dcastane 
260 |a Londres  |b Routledge  |c 1993 
650 0 |a Lingüística aplicada   |9 313266 
650 0 |a Retórica   |9 266620 
650 0 |a Análisis del discurso  |9 256696 
583 |a last modification  |c 20130829 16:45:00  |k Rodrigo Vera 
999 |c 352988  |d 352986 
952 |0 0  |1 0  |3 erb  |4 0  |6 330_014000000000000_HEN_1993  |7 0  |8 A  |9 457795  |a FDOPOS  |b FDOPOS  |d 2019-11-23  |i 4998812  |o 330.014 HEN 1993  |p 4998812  |r 2025-01-22  |w 2019-11-23  |y BK  |z Catalogado en:20130829  |k DLA